000 00322nam a2200133Ia 4500
008 240624s9999 xx 000 0 und d
041 _aeng
082 _a823 DAR
100 _aDARE TESSA
245 _aSURRENDER OF A SIREN
260 _c2009
_aNew York
_bBallantine Books
300 _a393 : p. : cm. ; 17
365 _c
_b20
999 _c13782
_d13782